South Eastern Kenya University

Library Online Public Access Catalogue


Physical methods in advanced inorganic chemistry, (Record no. 2095)

MARC details
000 -LEADER
fixed length control field 00390nam a22001331 4500
020 ## - ISBN
International Standard Book Number 0470396105
050 00 - LIBRARY OF CONGRESS CALL NUMBER
Classification Number QD475
Item Number .H5
100 1# - MAIN ENTRY--Author
Personal name Hill, H. A. O.
245 10 - TITLE
Title Physical methods in advanced inorganic chemistry,
Statement of responsibility, etc edited by H. A. O. Hill [and] P. Day.
260 ## - PUBLICATION, DISTRIBUTION, ETC.(IMPRINT)
Place of publication, distribution, etc London,
-- New York [etc.]
Name of publisher, distributor, etc Interscience Publishers,
Date of publication, distribution, etc 1968.
300 ## - PHYSICAL DESCRIPTION
Extent viii, 627 p.
700 1# - ADDED ENTRY--PERSONAL AUTHOR
Personal Name Day, P.
942 ## - ADDED ENTRY ELEMENTS(KOHA)
Koha item type General circulation
Holdings
Source of classification or shelving scheme Not for loan Location (home branch) Sublocation (holding branch) Date accessioned Cost, normal purchase price Full call number Barcode Koha item type Public note
Library of Congress Classification   Main Campus Library Main Campus Library 27/08/2014 8135.37 QD475 .H5 2019/021992 General circulation amm
Kitui, Kenya.
+254736116989
library@seku.ac.ke